000 00594nam a2200193Ia 4500
003 GCL
008 140319s9999 xx 000 0 ara d
040 _aGCL /
_cGCL
082 0 4 _a889
_bس ج
100 1 _aنعيم عطية
245 1 0 _aجورج سفيريس: الاعمال الشعرية الكاملة /
_cنعيم عطية
700 1 _aسفيريس، جورج
300 _a474 ص
490 _aالمشروع القومى للترجمة
_v0
650 0 4 _aالادب اليونانى
650 0 4 _aالشعر اليونانى
650 0 4 _aجورج سفيريس
942 _2ddc
_cBK
999 _c52054
_d52054